EXAM PREPARATORY MANUAL FOR UG COMMUNITY MEDICINE (PSM) (Record no. 30699)

MARC details
000 -LEADER
fixed length control field 00436nam a22001697a 4500
003 - CONTROL NUMBER IDENTIFIER
control field SGT
020 ## - INTERNATIONAL STANDARD BOOK NUMBER
International Standard Book Number 9789354657252
082 ## - DEWEY DECIMAL CLASSIFICATION NUMBER
Classification number 614
Item number E24J
100 ## - MAIN ENTRY--PERSONAL NAME
Personal name JAIN, VIVEK
245 ## - TITLE STATEMENT
Title EXAM PREPARATORY MANUAL FOR UG COMMUNITY MEDICINE (PSM)
250 ## - EDITION STATEMENT
Edition statement 4TH
260 ## - PUBLICATION, DISTRIBUTION, ETC. (IMPRINT)
Place of publication, distribution, etc INDIA
Name of publisher, distributor, etc JAYPEE PUB
Year of Publication 2024
300 ## - PAGE DESCRIPTION
No. of Pages 536
650 ## - SUBJECT ADDED ENTRY--TOPICAL TERM
Topical term or geographic name as entry element COMMUNITY MEDICINE
653 ## - KEYWORDS--INDEX TERM
Keyword term EXAM PREPARATORY MANUAL FOR UG COMMUNITY MEDICINE
942 ## - ADDED ENTRY ELEMENTS (KOHA)
Source of classification or shelving scheme Dewey Decimal Classification
Koha item type Books
Holdings
Withdrawn status Lost status Source of classification or shelving scheme Damaged status Not for loan Collection code Home library Current library Shelving location Date acquired Vendor Name Cost, normal purchase price SGTU Bill Number Full call number Accession No. (Barcode) Date last seen Bill Date Koha item type Total Checkouts Checked out Date last borrowed
    Dewey Decimal Classification   Not For Loan MEDICAL SGT Medical Library SGT Medical Library Reference Book 11/02/2025 ABC DELHI 1195.00 SGTU 20461 614 E24J FM14941 05/04/2025 11/02/2025 Books      
    Dewey Decimal Classification     MEDICAL SGT Medical Library SGT Medical Library Text Book 11/02/2025 ABC DELHI 1195.00 SGTU 20461 614 E24J FM14942 04/06/2026 11/02/2025 Books 10 18/06/2026 04/06/2026
    Dewey Decimal Classification     MEDICAL SGT Medical Library SGT Medical Library Text Book 11/02/2025 ABC DELHI 1195.00 SGTU 20461 614 E24J FM14943 16/05/2026 11/02/2025 Books 10 30/05/2026 16/05/2026
    Dewey Decimal Classification     MEDICAL SGT Medical Library SGT Medical Library Text Book 11/02/2025 ABC DELHI 1195.00 SGTU 20461 614 E24J FM14944 28/05/2026 11/02/2025 Books 16   15/05/2026
    Dewey Decimal Classification     MEDICAL SGT Medical Library SGT Medical Library Text Book 11/02/2025 ABC DELHI 1195.00 SGTU 20461 614 E24J FM14945 27/05/2026 11/02/2025 Books 9   12/05/2026